000 00642cam a2200217 4500500
005 20260405003323.0
041 _afre
042 _adc
100 1 0 _aGustave, Océane
_eauthor
245 0 0 _aFaut-il avoir lu Confucius pour devenir taïkonaute ?
260 _c2021.
500 _a73
690 _aChine
690 _aCommunisme
690 _aConfucius
690 _aConquête spatiale
690 _aEspace
690 _aHarmonie
786 0 _nPhilosophie magazine | 151 | 8 | 2021-07-01 | p. 18-20 | 1951-1787
856 4 1 _uhttps://shs.cairn.info/magazine-philosophie-magazine-2021-6-page-18?lang=fr&redirect-ssocas=7080
999 _c2066492
_d2066492